music education : (Record no. 127908)

MARC details
000 -LEADER
fixed length control field 00659nam a22002177a 4500
005 - DATE AND TIME OF LATEST TRANSACTION
control field 20170124110032.0
010 ## - LIBRARY OF CONGRESS CONTROL NUMBER
LC control number A-794243
020 ## - INTERNATIONAL STANDARD BOOK NUMBER
Terms of availability 175.00
International Standard Book Number 8186400087
035 ## - SYSTEM CONTROL NUMBER
System control number A-794243
037 ## - SOURCE OF ACQUISITION
Source of stock number/acquisition Cen Lib/Ret
040 ## - CATALOGING SOURCE
Original cataloging agency DPL
Language of cataloging EN
082 ## - DEWEY DECIMAL CLASSIFICATION NUMBER
Classification number 372.87
Item number SHA
100 ## - MAIN ENTRY--PERSONAL NAME
Personal name Sharma, Manorma
9 (RLIN) 21884
245 ## - TITLE STATEMENT
Title music education :
Statement of responsibility, etc by Manorma Sharma
Remainder of title new horizins /
260 ## - PUBLICATION, DISTRIBUTION, ETC. (IMPRINT)
Place of publication, distribution, etc Delhi
Name of publisher, distributor, etc Nirmal Publications
Date of publication, distribution, etc 1995
270 ## - ADDRESS
City Delhi
Address A/ 139, Kabir Nagar, Gali No.3, 100 Foot Road, Shahdara
Postal code 110094
300 ## - PHYSICAL DESCRIPTION
Extent vi,127p.
Dimensions 20cm(Hb)
650 ## - SUBJECT ADDED ENTRY--TOPICAL TERM
Topical term or geographic name as entry element Education
9 (RLIN) 1169
650 ## - SUBJECT ADDED ENTRY--TOPICAL TERM
Topical term or geographic name as entry element Music education
9 (RLIN) 21885
942 ## - ADDED ENTRY ELEMENTS (KOHA)
Source of classification or shelving scheme Dewey Decimal Classification
Koha item type English Books
Classification part 372.87
Call number suffix SHA
Holdings
Withdrawn status Lost status Damaged status Not for loan Home library Current library Date acquired Source of acquisition Cost, normal purchase price Total Checkouts Full call number Barcode Date last seen Copy number Cost, replacement price Price effective from Koha item type
Withdrawn       Central Library Central Library 30/06/2015 Cen Lib/Ret 175.00   372.87 SHA A-794243 30/06/2015 1 175.00 15/09/2016 English Books

© Delhi Public Library
Hit Counter
free hit counter